000 00434pab a2200145 454500
008 180718b1998 xxu||||| |||| 00| 0 eng d
100 _aMaheshwari, Asha
245 _aRegulation of markets, production growth and market arrivals - a statewise analysis of rice
260 _c1998
300 _ap.351-58
362 _aJul-Sep
650 _aAgricultural markets
773 _aIndian Journal of Agricultural Economics
909 _a39661
999 _c39661
_d39661